| 000 | 00587nam a2200181Ia 4500 | ||
|---|---|---|---|
| 003 | GCL | ||
| 008 | 140319s9999 xx 000 0 ara d | ||
| 040 |
_aGCL / _cGCL |
||
| 082 | 0 | 4 |
_a823 _bى ق |
| 100 | 1 | _aيونسكو، اوجين | |
| 245 | 1 | 0 |
_aقاتل بلا اجر (هدية من الاديب عبد الفتاح الجمل) / _cيونسكو، اوجين |
| 300 | _a173 ص | ||
| 490 |
_aمطبوعات كتابى _v0 |
||
| 650 | 0 | 4 | _aالادب |
| 650 | 0 | 4 | _aالادب الانجليزى المترجم |
| 650 | 0 | 4 | _aالادب العالمى المترجم |
| 942 |
_2ddc _cBK |
||
| 999 |
_c40674 _d40674 |
||